| 000 | 01500nam a22002897a 4500 | ||
|---|---|---|---|
| 003 | OSt | ||
| 005 | 20221014123340.0 | ||
| 008 | 220201s2016 ck a|||br|||| 00| 1 spa d | ||
| 020 | _a9789588959078 | ||
| 040 |
_aCO-JMCR _cCO-JMCR |
||
| 041 | 0 | _aspa | |
| 082 | 0 | 4 |
_aC / _bANDp |
| 100 | 1 |
_aChristian, Andersen Hans, _eautor _941909 |
|
| 245 | 1 | 3 |
_aEl patito feo / _cHans Christian Andersen ; traductor, Juan Fernando Merino ; editor, Iván Hernández ; ilustradora, Daniela Gallego |
| 250 | _aPrimera edición | ||
| 260 |
_aBogotá : _bMinisterio de cultura, _c2016. |
||
| 300 |
_a25, [6] páginas : _bilustraciones a color ; _c27 cm. |
||
| 490 | 0 |
_aLeer es mi cuento ; _v15 |
|
| 520 | 3 | _aEl Patito feo, cuento clásico de uno de los grandes escritores de cuentos de hadas, Hans Christian Andersen, ha sido desde hace muchos años leído con emoción por lectores de todas las edades. El Patito feo nos recuerda la necesidad de ser tolerantes, de aceptar a quienes piensan diferente, pertenecen a otra raza, cultura o religión ; la necesidad de respetar a todos aquellos que como nosotros viven en este mundo, ya que la única posibilidad de que la sociedad progrese reside en la tolerancia. | |
| 650 | 1 | 4 |
_aCuentos clásicos. _941910 |
| 650 | 2 | 4 | _aAnimales en la literatura. |
| 650 | 2 | 4 | _aCuentos infantiles. |
| 700 | 1 |
_aMerino, Juan Fernando, _etraductor _941911 |
|
| 700 | 1 |
_aHernández, Iván, _eeditor _98307 |
|
| 700 | 1 |
_aGallego, Daniela, _eilustradora _941913 |
|
| 942 |
_2ddc _cBK |
||
| 999 |
_c15820 _d15820 |
||